[Event "Tancats Societat Coral Colon 2009 - GM"]
[Site "Sabadell ESP"]
[Date "2009.01.23"]
[Round "1.1"]
[White "Panelo, Marcelo"]
[Black "Rodriguez, Amador"]
[Result "1/2-1/2"]
[WhiteElo "2425"]
[BlackElo "2479"]
[PlyCount "48"]
[EventDate "2009.01.23"]
[EventType "tourn"]
[EventRounds "9"]
[EventCountry "ESP"]
[EventCategory "9"]
[Source "lmi"]
[SourceDate "2009.01.23"]

1. d4 Nf6 2. Nf3 e6 3. e3 b6 4. Bd3 Bb7 5. O-O Be7 6. c4 O-O 7. Nc3 d5 8. b3
Nbd7 9. Bb2 c5 10. cxd5 Nxd5 11. Nxd5 Bxd5 12. Qc2 h6 13. Bh7+ Kh8 14. Be4 Bxe4
15. Qxe4 Nf6 16. Qh4 cxd4 17. Bxd4 Qc7 18. Rac1 Qb7 19. Ne5 Rfc8 20. h3 Rxc1
21. Rxc1 Rc8 22. Rxc8+ Qxc8 23. Ng4 Nxg4 24. Qxg4 Bf8 1/2-1/2

[Event "Tancats Societat Coral Colon 2009 - GM"]
[Site "Sabadell ESP"]
[Date "2009.01.23"]
[Round "1.2"]
[White "Cruz, Filemon"]
[Black "Moskalenko, Viktor"]
[Result "1/2-1/2"]
[WhiteElo "2411"]
[BlackElo "2538"]
[PlyCount "54"]
[EventDate "2009.01.23"]
[EventType "tourn"]
[EventRounds "9"]
[EventCountry "ESP"]
[EventCategory "9"]
[Source "lmi"]
[SourceDate "2009.01.23"]

1. d4 e6 2. c4 d5 3. g3 c6 4. Qc2 dxc4 5. Nf3 b5 6. Bg2 Bb7 7. O-O Nd7 8. a4 a6
9. Nc3 Ngf6 10. e4 Be7 11. h4 O-O 12. e5 Nd5 13. Ng5 g6 14. axb5 cxb5 15. Nxd5
Bxd5 16. Bxd5 exd5 17. e6 fxe6 18. Nxe6 Qb6 19. Nxf8 Bxf8 20. h5 Bg7 21. Be3 a5
22. Rfe1 a4 23. Re2 Nf8 24. hxg6 hxg6 25. Qd2 b4 26. Kg2 a3 27. bxa3 b3 1/2-1/2

[Event "Tancats Societat Coral Colon 2009 - GM"]
[Site "Sabadell ESP"]
[Date "2009.01.23"]
[Round "1.3"]
[White "Cruz, Cristhian"]
[Black "Almeida Quintana, Omar"]
[Result "0-1"]
[WhiteElo "2545"]
[BlackElo "2521"]
[PlyCount "128"]
[EventDate "2009.01.23"]
[EventType "tourn"]
[EventRounds "9"]
[EventCountry "ESP"]
[EventCategory "9"]
[Source "lmi"]
[SourceDate "2009.01.23"]

1. d4 d6 2. Nf3 g6 3. c4 Bg7 4. Nc3 c5 5. d5 Nf6 6. e4 O-O 7. Be2 e6 8. O-O
exd5 9. cxd5 Bg4 10. Bf4 a6 11. Re1 Ne8 12. Bg5 Qc7 13. Qd2 f6 14. Be3 Bxf3 15.
Bxf3 Nd7 16. Rac1 Ne5 17. Be2 f5 18. f4 Nf7 19. b4 cxb4 20. Na4 Qa5 21. Nb6 Nf6
22. exf5 Rae8 23. fxg6 hxg6 24. Bf3 Ne4 25. Qc2 Neg5 26. Nd7 Nxf3+ 27. gxf3
Qxd5 28. Nxf8 Qxf3 29. Qxg6 Kxf8 30. Qg2 Qxg2+ 31. Kxg2 Bc3 32. Re2 Nh6 33. Kf3
Nf5 34. Bf2 Rd8 35. Rd1 d5 36. Kg4 Nh6+ 37. Kh5 Ng8 38. Bd4 Kf7 39. f5 Nf6+ 40.
Bxf6 Kxf6 41. Kg4 d4 42. Re6+ Kf7 43. Rd3 a5 44. Kf4 a4 45. Ke5 b3 46. Rf6+ Ke7
47. a3 Rd5+ 48. Kxd5 Kxf6 49. Kc4 Kxf5 50. Rd1 b2 51. Kd3 b5 52. Kc2 Kg4 53.
Rd3 Kf4 54. Rd1 Ke3 55. h4 Ke2 56. Rh1 b4 57. axb4 a3 58. Kb1 Bxb4 59. h5 d3
60. h6 Be1 61. Rh5 d2 62. Re5+ Kd3 63. Rd5+ Kc4 64. Rd7 d1=Q+ 0-1

[Event "Tancats Societat Coral Colon 2009 - GM"]
[Site "Sabadell ESP"]
[Date "2009.01.23"]
[Round "1.4"]
[White "Perpinya Rofes, Lluis Maria"]
[Black "Fluvia Poyatos, Jordi"]
[Result "0-1"]
[WhiteElo "2381"]
[BlackElo "2454"]
[PlyCount "66"]
[EventDate "2009.01.23"]
[EventType "tourn"]
[EventRounds "9"]
[EventCountry "ESP"]
[EventCategory "9"]
[Source "lmi"]
[SourceDate "2009.01.23"]

1. e4 c5 2. Nf3 d6 3. d4 cxd4 4. Nxd4 Nf6 5. Nc3 g6 6. Be3 Bg7 7. f3 O-O 8. Bc4
Nc6 9. Bb3 Bd7 10. Qe2 Na5 11. O-O-O a6 12. Qd2 b5 13. Bh6 Bxh6 14. Qxh6 e5 15.
Nde2 b4 16. Nd5 Nxb3+ 17. axb3 Nxd5 18. Rxd5 Be6 19. Rd3 Qc7 20. Kb1 a5 21. Ng3
Rfc8 22. c4 a4 23. Nf5 gxf5 24. f4 exf4 25. Qg5+ Kf8 26. exf5 axb3 27. Qh6+ Ke7
28. fxe6 Ra1+ 29. Kxa1 Qa7+ 30. Kb1 Qa2+ 31. Kc1 Rxc4+ 32. Kd1 Qb1+ 33. Ke2
Re4+ 0-1

[Event "Tancats Societat Coral Colon 2009 - GM"]
[Site "Sabadell ESP"]
[Date "2009.01.23"]
[Round "1.5"]
[White "Alsina Leal, Daniel"]
[Black "Aloma Vidal, Robert"]
[Result "1/2-1/2"]
[WhiteElo "2510"]
[BlackElo "2399"]
[PlyCount "106"]
[EventDate "2009.01.23"]
[EventType "tourn"]
[EventRounds "9"]
[EventCountry "ESP"]
[EventCategory "9"]
[Source "lmi"]
[SourceDate "2009.01.23"]

1. e4 Nf6 2. e5 Nd5 3. d4 d6 4. Nf3 g6 5. Bc4 Nb6 6. Bb3 Bg7 7. exd6 Qxd6 8.
Nc3 O-O 9. Ne4 Qc6 10. Qe2 Bf5 11. Ng3 Bg4 12. c3 N8d7 13. Qe4 Bxf3 14. Qxf3
Qxf3 15. gxf3 a5 16. a4 e5 17. dxe5 Nxe5 18. f4 Nd3+ 19. Ke2 Rad8 20. Rd1 Rfe8+
21. Kf1 Bh6 22. Ne2 Nxc1 23. Raxc1 Kg7 24. Rxd8 Rxd8 25. Rd1 Rxd1+ 26. Bxd1 Nd5
27. Kg2 Nxf4+ 28. Nxf4 Bxf4 29. Bf3 c6 30. b4 Bc7 31. h3 f5 32. Be2 Kf6 33. b5
Ke5 34. bxc6 bxc6 35. Ba6 Kd5 36. Bb7 Be5 37. c4+ Kc5 38. f3 h5 39. Kf2 Bf4 40.
Kg2 Kd6 41. Kf2 c5 42. Ba6 Ke5 43. Bb5 Kd4 44. Kg2 Kd3 45. Ba6 Be5 46. Kf1 f4
47. Bb5 g5 48. Ba6 Ke3 49. Bb7 Bf6 50. Bc6 Bd4 51. Bb7 h4 52. Bc6 Bf6 53. Bb7
Be7 1/2-1/2

[Event "Tancats Societat Coral Colon 2009 - GM"]
[Site "Sabadell ESP"]
[Date "2009.01.30"]
[Round "2.1"]
[White "Rodriguez, Amador"]
[Black "Aloma Vidal, Robert"]
[Result "1/2-1/2"]
[WhiteElo "2479"]
[BlackElo "2399"]
[PlyCount "49"]
[EventDate "2009.01.23"]
[EventType "tourn"]
[EventRounds "9"]
[EventCountry "ESP"]
[EventCategory "9"]
[Source "lmi"]
[SourceDate "2009.01.23"]

1. e4 Nf6 2. e5 Nd5 3. d4 d6 4. Nf3 dxe5 5. Nxe5 c6 6. Be2 Nd7 7. Nf3 N7f6 8.
O-O Bf5 9. c4 Nb4 10. Na3 e6 11. Ne5 Be7 12. Be3 O-O 13. g4 Be4 14. f3 Bg6 15.
f4 Be4 16. Bf3 Qc7 17. g5 Bxf3 18. Rxf3 Ne4 19. Rh3 g6 20. Qf3 Nd6 21. Bd2 a5
22. Bc3 Nf5 23. Ng4 h5 24. gxh6 Kh7 25. Qe4 1/2-1/2

[Event "Tancats Societat Coral Colon 2009 - GM"]
[Site "Sabadell ESP"]
[Date "2009.01.30"]
[Round "2.2"]
[White "Fluvia Poyatos, Jordi"]
[Black "Alsina Leal, Daniel"]
[Result "0-1"]
[WhiteElo "2454"]
[BlackElo "2510"]
[PlyCount "62"]
[EventDate "2009.01.23"]
[EventType "tourn"]
[EventRounds "9"]
[EventCountry "ESP"]
[EventCategory "9"]
[Source "lmi"]
[SourceDate "2009.01.23"]

1. e4 c5 2. Nf3 d6 3. d4 cxd4 4. Nxd4 Nf6 5. Nc3 a6 6. Be3 e5 7. Nb3 Be6 8. Qd2
Nbd7 9. O-O-O b5 10. f4 Rc8 11. f5 Bc4 12. Kb1 d5 13. Nxd5 Nxe4 14. Qe1 Bxd5
15. Rxd5 Qc7 16. Ka1 Be7 17. Bh6 Nef6 18. Bxg7 Nxd5 19. Bxh8 Qxc2 20. Bxe5 Nxe5
21. Bxb5+ Kf8 22. Qxe5 Bf6 23. Qd6+ Kg7 24. Rb1 axb5 25. Qxd5 Rd8 26. Qf3 Rd3
27. Qg4+ Kh8 28. Nc1 Bxb2+ 29. Rxb2 Qxc1+ 30. Rb1 Qc3+ 31. Rb2 Rd2 0-1

[Event "Tancats Societat Coral Colon 2009 - GM"]
[Site "Sabadell ESP"]
[Date "2009.01.30"]
[Round "2.3"]
[White "Almeida Quintana, Omar"]
[Black "Perpinya Rofes, Lluis Maria"]
[Result "1/2-1/2"]
[WhiteElo "2521"]
[BlackElo "2381"]
[PlyCount "76"]
[EventDate "2009.01.23"]
[EventType "tourn"]
[EventRounds "9"]
[EventCountry "ESP"]
[EventCategory "9"]
[Source "lmi"]
[SourceDate "2009.01.23"]

1. d4 Nf6 2. c4 g6 3. Nc3 Bg7 4. e4 d6 5. h3 O-O 6. Nf3 e5 7. d5 Nh5 8. g3 f5
9. exf5 gxf5 10. Ng5 Nf6 11. g4 Qe7 12. Rg1 Na6 13. gxf5 Bxf5 14. Be3 Nc5 15.
b4 Nce4 16. Ncxe4 Nxe4 17. Ne6 Bxe6 18. dxe6 Qxe6 19. Qc2 Nf6 20. O-O-O Kh8 21.
Bd3 e4 22. Be2 a5 23. b5 c5 24. bxc6 bxc6 25. Rg3 Rab8 26. Bd4 c5 27. Bc3 Rb7
28. Rdg1 Bh6+ 29. Kd1 Rfb8 30. Ke1 Bf4 31. Bd1 Be5 32. Qd2 d5 33. cxd5 Qxd5 34.
Qf4 Bxc3+ 35. Rxc3 Qd4 36. Rc4 Qa1 37. Rc1 Qd4 38. Rc4 Qa1 1/2-1/2

[Event "Tancats Societat Coral Colon 2009 - GM"]
[Site "Sabadell ESP"]
[Date "2009.01.30"]
[Round "2.4"]
[White "Moskalenko, Viktor"]
[Black "Cruz, Cristhian"]
[Result "1-0"]
[WhiteElo "2538"]
[BlackElo "2545"]
[PlyCount "80"]
[EventDate "2009.01.23"]
[EventType "tourn"]
[EventRounds "9"]
[EventCountry "ESP"]
[EventCategory "9"]
[Source "lmi"]
[SourceDate "2009.01.23"]

1. d4 Nf6 2. c4 e6 3. Nf3 Bb4+ 4. Bd2 a5 5. Nc3 b6 6. e3 Ba6 7. Bd3 d5 8. b3
O-O 9. a3 Bxc3 10. Bxc3 a4 11. cxd5 Bxd3 12. Qxd3 Qxd5 13. b4 c5 14. bxc5 bxc5
15. O-O Nc6 16. Rfd1 Rfd8 17. Qc2 Qe4 18. Rdc1 cxd4 19. Bxd4 Nxd4 20. Nxd4 g6
21. h3 Kg7 22. Qxe4 Nxe4 23. Rc7 Kf6 24. Rac1 Rdb8 25. R1c2 Rb1+ 26. Kh2 Ra1
27. f3 Nd6 28. Rd7 Nf5 29. Rcc7 Nxd4 30. Rxf7+ Ke5 31. exd4+ Kxd4 32. Rfd7+ Ke5
33. Rc3 Rb8 34. Re3+ Kf6 35. Rd6 Rb2 36. Rdxe6+ Kg5 37. R6e4 Rb3 38. Rg4+ Kf6
39. Rf4+ Kg5 40. Rg4+ Kh6 1-0

[Event "Tancats Societat Coral Colon 2009 - GM"]
[Site "Sabadell ESP"]
[Date "2009.01.30"]
[Round "2.5"]
[White "Panelo, Marcelo"]
[Black "Cruz, Filemon"]
[Result "0-1"]
[WhiteElo "2425"]
[BlackElo "2411"]
[PlyCount "60"]
[EventDate "2009.01.23"]
[EventType "tourn"]
[EventRounds "9"]
[EventCountry "ESP"]
[EventCategory "9"]
[Source "lmi"]
[SourceDate "2009.01.23"]

1. d4 d5 2. c4 c6 3. Nc3 Nf6 4. Nf3 a6 5. a4 e6 6. Bg5 Bb4 7. e3 Nbd7 8. Bd3
Qa5 9. O-O Bxc3 10. bxc3 Qxc3 11. c5 Qa5 12. Qc2 O-O 13. Bf4 Rd8 14. Bd6 Nf8
15. Ng5 Ng6 16. f4 Ne8 17. f5 exf5 18. Bxf5 Nxd6 19. cxd6 Rxd6 20. Bxc8 Rxc8
21. Rxf7 h6 22. Qf5 hxg5 23. Rf1 Qd8 24. Rxb7 Rf6 25. Qb1 Rxf1+ 26. Qxf1 Qf6
27. Qxa6 Rf8 28. Qe2 Qe6 29. a5 Nf4 30. Qd2 Nxg2 0-1

[Event "Tancats Societat Coral Colon 2009 - GM"]
[Site "Sabadell ESP"]
[Date "2009.02.06"]
[Round "3.1"]
[White "Cruz, Filemon"]
[Black "Rodriguez, Amador"]
[Result "1/2-1/2"]
[WhiteElo "2411"]
[BlackElo "2479"]
[PlyCount "33"]
[EventDate "2009.01.23"]
[EventType "tourn"]
[EventRounds "9"]
[EventCountry "ESP"]
[EventCategory "9"]
[Source "lmi"]
[SourceDate "2009.01.23"]

1. d4 Nf6 2. c4 e6 3. Nc3 Bb4 4. e3 O-O 5. Nge2 d5 6. a3 Be7 7. Nf4 c6 8. Bd3
Nbd7 9. cxd5 Nxd5 10. e4 Nxf4 11. Bxf4 e5 12. dxe5 Qc7 13. Rc1 Nxe5 14. O-O Qd6
15. Qh5 Qxd3 16. Bxe5 Qd7 17. Rfd1 1/2-1/2

[Event "Tancats Societat Coral Colon 2009 - GM"]
[Site "Sabadell ESP"]
[Date "2009.02.06"]
[Round "3.2"]
[White "Cruz, Cristhian"]
[Black "Panelo, Marcelo"]
[Result "1-0"]
[WhiteElo "2545"]
[BlackElo "2425"]
[PlyCount "43"]
[EventDate "2009.01.23"]
[EventType "tourn"]
[EventRounds "9"]
[EventCountry "ESP"]
[EventCategory "9"]
[Source "lmi"]
[SourceDate "2009.01.23"]

1. d4 d5 2. c4 c6 3. Nf3 Nf6 4. Nc3 e6 5. Bg5 dxc4 6. e4 b5 7. e5 h6 8. Bh4 g5
9. Nxg5 hxg5 10. Bxg5 Nbd7 11. g3 Bb7 12. Bg2 Qb6 13. exf6 c5 14. d5 O-O-O 15.
O-O b4 16. Rb1 Qa6 17. dxe6 Bxg2 18. e7 Bxf1 19. Kxf1 bxc3 20. bxc3 Qc6 21.
exd8=Q+ Kxd8 22. Rb8+ 1-0

[Event "Tancats Societat Coral Colon 2009 - GM"]
[Site "Sabadell ESP"]
[Date "2009.02.06"]
[Round "3.3"]
[White "Perpinya Rofes, Lluis Maria"]
[Black "Moskalenko, Viktor"]
[Result "0-1"]
[WhiteElo "2381"]
[BlackElo "2538"]
[PlyCount "48"]
[EventDate "2009.01.23"]
[EventType "tourn"]
[EventRounds "9"]
[EventCountry "ESP"]
[EventCategory "9"]
[Source "lmi"]
[SourceDate "2009.01.23"]

1. e4 e6 2. d4 d5 3. Nc3 Nf6 4. e5 Nfd7 5. f4 c5 6. Nf3 Nc6 7. Be3 a6 8. Qd2 b5
9. a3 cxd4 10. Bxd4 Bc5 11. Bxc5 Nxc5 12. Bd3 Bb7 13. Ne2 d4 14. O-O O-O 15.
Ng3 f5 16. exf6 Rxf6 17. Rae1 Qc7 18. Ne5 Nxe5 19. Rxe5 Raf8 20. b4 Nxd3 21.
cxd3 Rxf4 22. Rc5 Rxf1+ 23. Nxf1 Qf7 24. Ng3 Bd5 0-1

[Event "Tancats Societat Coral Colon 2009 - GM"]
[Site "Sabadell ESP"]
[Date "2009.02.06"]
[Round "3.4"]
[White "Alsina Leal, Daniel"]
[Black "Almeida Quintana, Omar"]
[Result "1-0"]
[WhiteElo "2510"]
[BlackElo "2521"]
[PlyCount "85"]
[EventDate "2009.01.23"]
[EventType "tourn"]
[EventRounds "9"]
[EventCountry "ESP"]
[EventCategory "9"]
[Source "lmi"]
[SourceDate "2009.01.23"]

1. e4 g6 2. d4 Bg7 3. Nc3 d6 4. f4 a6 5. Nf3 b5 6. Bd3 Nd7 7. e5 c5 8. Be4 Rb8
9. O-O cxd4 10. Nxd4 dxe5 11. Nc6 Qb6+ 12. Kh1 Ngf6 13. Nxb8 Qxb8 14. fxe5 Nxe5
15. Bf4 O-O 16. Bf3 b4 17. Qe2 Nh5 18. Bxe5 Bxe5 19. Nd5 Nf4 20. Nxe7+ Kg7 21.
Qd2 Be6 22. Nc6 Qd6 23. Qxd6 Bxd6 24. Rad1 Bc5 25. Be4 g5 26. Nd4 Bc4 27. Rfe1
Re8 28. Nf5+ Kf8 29. Bc6 Rxe1+ 30. Rxe1 Be6 31. Be4 Bb6 32. a3 Nh5 33. Ne3 Nf6
34. Bf5 Bxe3 35. Rxe3 Bxf5 36. Rf3 Bxc2 37. Rxf6 bxa3 38. bxa3 a5 39. Rc6 Be4
40. Ra6 h5 41. Rxa5 f5 42. Ra7 h4 43. Kg1 1-0

[Event "Tancats Societat Coral Colon 2009 - GM"]
[Site "Sabadell ESP"]
[Date "2009.02.06"]
[Round "3.5"]
[White "Aloma Vidal, Robert"]
[Black "Fluvia Poyatos, Jordi"]
[Result "1-0"]
[WhiteElo "2399"]
[BlackElo "2454"]
[PlyCount "165"]
[EventDate "2009.01.23"]
[EventType "tourn"]
[EventRounds "9"]
[EventCountry "ESP"]
[EventCategory "9"]
[Source "lmi"]
[SourceDate "2009.01.23"]

1. Nf3 Nf6 2. c4 c5 3. g3 d5 4. cxd5 Nxd5 5. Bg2 Nc6 6. Nc3 Nc7 7. O-O e5 8. a4
Be7 9. a5 Bd7 10. d3 Na6 11. Be3 O-O 12. h4 Rb8 13. Ne4 Be6 14. Ned2 f6 15. Nc4
e4 16. Nh2 exd3 17. exd3 Nab4 18. Ra3 Qd7 19. Qa4 Bd5 20. Nf3 b5 21. axb6 axb6
22. Qb5 Qb7 23. Rc1 Rfd8 24. Kh2 Nd4 25. Bxd4 Bxf3 26. Bxf3 Qxf3 27. Be3 Nxd3
28. Rxd3 Rxd3 29. Ne5 fxe5 30. Qxd3 Qc6 31. Ra1 c4 32. Qf5 Rf8 33. Qg4 Bf6 34.
Ra6 Qc8 35. Qxc8 Rxc8 36. Rxb6 e4 37. h5 Kf7 38. Kh3 Bd8 39. Rb7+ Rc7 40. Rb8
Be7 41. Kg4 c3 42. bxc3 Rxc3 43. Rb7 Ke6 44. h6 gxh6 45. Rb6+ Kf7 46. Rxh6 Kg8
47. Re6 Bc5 48. Rxe4 Bxe3 49. fxe3 Kf7 50. Kf5 Rc1 51. g4 Ra1 52. Re5 Ra6 53.
Rd5 Rf6+ 54. Ke5 Re6+ 55. Kf4 Kg6 56. e4 Rf6+ 57. Rf5 Ra6 58. Rd5 Rf6+ 59. Ke5
Rf1 60. Rd6+ Kg5 61. Rd7 Kg6 62. Rd8 Kf7 63. Rd4 Rg1 64. Kf5 Rf1+ 65. Kg5 Ke6
66. Ra4 Rf7 67. Ra5 Rg7+ 68. Kh5 Rb7 69. Kh6 Rc7 70. Rg5 Kf6 71. Rf5+ Ke6 72.
g5 Ra7 73. Rf8 Ke5 74. Re8+ Kf4 75. e5 Kf5 76. e6 Ra1 77. e7 Rh1+ 78. Kg7 Ke6
79. Rh8 Kxe7 80. Rxh7 Rg1 81. g6 Ke6 82. Rh2 Ra1 83. Kh7 1-0

[Event "Tancats Societat Coral Colon 2009 - GM"]
[Site "Sabadell ESP"]
[Date "2009.02.13"]
[Round "4.1"]
[White "Rodriguez, Amador"]
[Black "Fluvia Poyatos, Jordi"]
[Result "0-1"]
[WhiteElo "2479"]
[BlackElo "2454"]
[PlyCount "94"]
[EventDate "2009.01.23"]
[EventType "tourn"]
[EventRounds "9"]
[EventCountry "ESP"]
[EventCategory "9"]
[Source "lmi"]
[SourceDate "2009.01.23"]

1. e4 d6 2. d4 Nf6 3. Nc3 g6 4. g3 Bg7 5. Bg2 O-O 6. Nge2 e5 7. h3 c6 8. a4
exd4 9. Nxd4 Na6 10. O-O Nb4 11. a5 Re8 12. Nb3 Be6 13. Be3 d5 14. Bc5 Na6 15.
exd5 Nxd5 16. Nxd5 Bxd5 17. Bxd5 Qxd5 18. Qxd5 cxd5 19. Bd4 Nb4 20. Bxg7 Kxg7
21. Rad1 Nxc2 22. Rxd5 Rad8 23. Rxd8 Rxd8 24. Rc1 Nd4 25. Nxd4 Rxd4 26. Rc7 Rb4
27. a6 bxa6 28. Rxa7 Rb6 29. Kg2 h5 30. h4 Kf6 31. Kf3 Ke6 32. b4 f6 33. Rc7
Kd5 34. Rc5+ Kd4 35. Rc7 Kd5 36. Rc5+ Kd6 37. Rc8 f5 38. Ke3 Rxb4 39. f3 Rb6
40. Kd4 Rc6 41. Rd8+ Kc7 42. Rg8 Kb7 43. Rg7+ Kb6 44. Rg8 Kb5 45. Rb8+ Rb6 46.
Rc8 a5 47. Rc1 a4 0-1

[Event "Tancats Societat Coral Colon 2009 - GM"]
[Site "Sabadell ESP"]
[Date "2009.02.13"]
[Round "4.2"]
[White "Almeida Quintana, Omar"]
[Black "Aloma Vidal, Robert"]
[Result "1/2-1/2"]
[WhiteElo "2521"]
[BlackElo "2399"]
[PlyCount "111"]
[EventDate "2009.01.23"]
[EventType "tourn"]
[EventRounds "9"]
[EventCountry "ESP"]
[EventCategory "9"]
[Source "lmi"]
[SourceDate "2009.01.23"]

1. d4 Nf6 2. c4 g6 3. Nc3 Bg7 4. e4 d6 5. h3 O-O 6. Nf3 e5 7. d5 Nh5 8. g3 a5
9. Be2 Na6 10. Bg5 Qe8 11. Nd2 Bd7 12. Be3 a4 13. Rc1 a3 14. bxa3 Nc5 15. Nb5
Bxb5 16. cxb5 Rxa3 17. Nc4 Rxa2 18. Bxc5 dxc5 19. Bxh5 gxh5 20. Qxh5 Qxb5 21.
O-O Ra4 22. Ne3 Rxe4 23. Nf5 Kh8 24. Qg5 Rg8 25. Nxg7 Rxg7 26. Qd8+ Rg8 27.
Qxc7 Qd3 28. Qd7 Re2 29. Qxf7 Rxg3+ 30. Kh2 Rxh3+ 31. Kg1 Rf3 32. Qe8+ Kg7 33.
Qd7+ Rf7 34. Qg4+ Qg6 35. Qxg6+ Kxg6 36. Rxc5 Kf5 37. Rb1 Ke4 38. d6 Rfxf2 39.
d7 Rg2+ 40. Kf1 Rgf2+ 41. Kg1 Rg2+ 42. Kf1 Ref2+ 43. Ke1 Rd2 44. Rxb7 Rge2+ 45.
Kf1 Rh2 46. Kg1 Rh6 47. Rbb5 Rg6+ 48. Kf1 Rf6+ 49. Ke1 Rxd7 50. Rxe5+ Kf4 51.
Re2 Rd3 52. Rf2+ Rf3 53. Rxf3+ Kxf3 54. Kf1 Rg6 55. Rb3+ Kf4 56. Kf2 1/2-1/2

[Event "Tancats Societat Coral Colon 2009 - GM"]
[Site "Sabadell ESP"]
[Date "2009.02.13"]
[Round "4.3"]
[White "Moskalenko, Viktor"]
[Black "Alsina Leal, Daniel"]
[Result "1-0"]
[WhiteElo "2538"]
[BlackElo "2510"]
[PlyCount "127"]
[EventDate "2009.01.23"]
[EventType "tourn"]
[EventRounds "9"]
[EventCountry "ESP"]
[EventCategory "9"]
[Source "lmi"]
[SourceDate "2009.01.23"]

1. d4 d5 2. c4 c6 3. Nf3 Nf6 4. Nc3 e6 5. cxd5 exd5 6. Qc2 Na6 7. a3 Nc7 8. Bg5
Be7 9. e3 O-O 10. Bd3 h6 11. Bf4 Ne6 12. Bg3 g6 13. h3 Ng7 14. Bf4 g5 15. Bh2
Be6 16. Ne5 c5 17. Ng4 h5 18. Nxf6+ Bxf6 19. dxc5 Rc8 20. Nb5 Ne8 21. O-O b6
22. c6 Qe7 23. Rac1 a6 24. Nd4 b5 25. a4 Nd6 26. axb5 Nxb5 27. Qa4 Nxd4 28.
exd4 a5 29. c7 Ra8 30. Rfe1 Qb4 31. Qxb4 axb4 32. Bd6 Rfc8 33. Ra1 Rxa1 34.
Rxa1 Bxd4 35. Re1 Bb6 36. Ba6 Rxc7 37. Bxc7 Bxc7 38. Bc8 Bxc8 39. Re8+ Kg7 40.
Rxc8 Be5 41. b3 Kf6 42. Kf1 Kf5 43. Ke2 h4 44. Kd3 f6 45. Rc5 Ke6 46. Rb5 Bc3
47. Rb8 Kf5 48. Ke3 Ke5 49. Re8+ Kf5 50. Kf3 Bd2 51. g4+ hxg3 52. fxg3 Bc3 53.
g4+ Kg6 54. Rd8 d4 55. Rd7 Bb2 56. Ke4 Bc3 57. Rb7 Kh6 58. Kd3 Kg6 59. Kc4 f5
60. Rb6+ Kf7 61. gxf5 Ke7 62. Kd3 Kf7 63. Rg6 Ke7 64. Ke4 1-0

[Event "Tancats Societat Coral Colon 2009 - GM"]
[Site "Sabadell ESP"]
[Date "2009.02.13"]
[Round "4.4"]
[White "Panelo, Marcelo"]
[Black "Perpinya Rofes, Lluis Maria"]
[Result "1-0"]
[WhiteElo "2425"]
[BlackElo "2381"]
[PlyCount "65"]
[EventDate "2009.01.23"]
[EventType "tourn"]
[EventRounds "9"]
[EventCountry "ESP"]
[EventCategory "9"]
[Source "lmi"]
[SourceDate "2009.01.23"]

1. d4 Nf6 2. c4 g6 3. Nc3 Bg7 4. e4 d6 5. f3 O-O 6. Nge2 c5 7. d5 e6 8. Ng3
exd5 9. cxd5 a6 10. a4 Re8 11. Be2 h5 12. Bg5 Qa5 13. O-O Nh7 14. Be3 h4 15.
Nh1 Nd7 16. Nf2 f5 17. Qd2 Ne5 18. Kh1 Bd7 19. Rg1 Kh8 20. g3 Bf6 21. gxh4 Rg8
22. f4 Nf7 23. h5 g5 24. exf5 gxf4 25. Bxf4 Bxf5 26. Bd3 Bxd3 27. Qxd3 Qb4 28.
Nfe4 Bd4 29. Rg6 Ne5 30. Bxe5+ Bxe5 31. Ng5 Rxg6 32. Nf7+ Kg8 33. Qxg6+ 1-0

[Event "Tancats Societat Coral Colon 2009 - GM"]
[Site "Sabadell ESP"]
[Date "2009.02.13"]
[Round "4.5"]
[White "Cruz, Filemon"]
[Black "Cruz, Cristhian"]
[Result "0-1"]
[WhiteElo "2411"]
[BlackElo "2545"]
[PlyCount "84"]
[EventDate "2009.01.23"]
[EventType "tourn"]
[EventRounds "9"]
[EventCountry "ESP"]
[EventCategory "9"]
[Source "lmi"]
[SourceDate "2009.01.23"]

1. d4 e6 2. Nf3 Nf6 3. e3 d5 4. Bd3 c5 5. c3 Nc6 6. Nbd2 Be7 7. Qe2 O-O 8. O-O
b6 9. e4 cxd4 10. e5 Nd7 11. cxd4 Nb4 12. Bb5 a6 13. Ba4 a5 14. a3 Ba6 15. Bb5
Bxb5 16. Qxb5 Na6 17. Rd1 Qc7 18. Nf1 Rfc8 19. Bf4 Qc6 20. Qe2 Qc4 21. Qe3 a4
22. h4 b5 23. Bg5 Bf8 24. h5 b4 25. Qf4 Qc2 26. h6 g6 27. Ne1 Qxb2 28. Ne3 bxa3
29. Qh4 Qb6 30. Ng4 Re8 31. Nd3 Rac8 32. Nf4 Qb2 33. Kh2 Rc4 34. Rab1 Qc2 35.
Ne3 Qe4 36. Nxc4 dxc4 37. f3 Qc6 38. Nh5 c3 39. Rbc1 Nb4 40. Ng3 c2 41. Rd2 a2
42. Re2 Qc3 0-1

[Event "Tancats Societat Coral Colon 2009 - GM"]
[Site "Sabadell ESP"]
[Date "2009.02.20"]
[Round "5.2"]
[White "Perpinya Rofes, Lluis Maria"]
[Black "Cruz, Filemon"]
[Result "1-0"]
[WhiteElo "2381"]
[BlackElo "2411"]
[PlyCount "55"]
[EventDate "2009.01.23"]
[EventType "tourn"]
[EventRounds "9"]
[EventCountry "ESP"]
[EventCategory "9"]
[Source "lmi"]
[SourceDate "2009.01.23"]

1. e4 c5 2. Nc3 d6 3. Nge2 e6 4. d4 cxd4 5. Nxd4 Nf6 6. Be2 Be7 7. f4 Nc6 8.
Be3 Qc7 9. O-O a6 10. Kh1 O-O 11. Qe1 Bd7 12. Qg3 b5 13. e5 Ne8 14. Nf3 f5 15.
exf6 Nxf6 16. Bd3 Nb4 17. Ng5 h6 18. Bg6 hxg5 19. fxg5 Be8 20. gxf6 Rxf6 21.
Be4 Bc6 22. a3 Rxf1+ 23. Rxf1 Bxe4 24. Nxe4 Nd5 25. Bh6 Bd8 26. Qg6 Ra7 27.
Qe8+ Kh7 28. Rf8 1-0

[Event "Tancats Societat Coral Colon 2009 - GM"]
[Site "Sabadell ESP"]
[Date "2009.02.20"]
[Round "5.3"]
[White "Alsina Leal, Daniel"]
[Black "Panelo, Marcelo"]
[Result "1-0"]
[WhiteElo "2510"]
[BlackElo "2425"]
[PlyCount "55"]
[EventDate "2009.01.23"]
[EventType "tourn"]
[EventRounds "9"]
[EventCountry "ESP"]
[EventCategory "9"]
[Source "lmi"]
[SourceDate "2009.01.23"]

1. e4 c5 2. Nf3 d6 3. d4 cxd4 4. Nxd4 Nf6 5. Nc3 a6 6. Bg5 e6 7. f4 Qb6 8. Qd2
Qxb2 9. Rb1 Qa3 10. e5 h6 11. Bh4 dxe5 12. fxe5 Nd5 13. Nxd5 exd5 14. e6 fxe6
15. Be2 g5 16. Bh5+ Kd8 17. Bf2 Bd6 18. O-O Rf8 19. c4 Nc6 20. cxd5 Nxd4 21.
Qxd4 e5 22. Qb6+ Ke7 23. Rbe1 Qc3 24. Re3 Qc7 25. Rxe5+ Kd8 26. Rc1 Bxe5 27.
Rxc7 Bxc7 28. Qxh6 1-0

[Event "Tancats Societat Coral Colon 2009 - GM"]
[Site "Sabadell ESP"]
[Date "2009.02.20"]
[Round "5.4"]
[White "Aloma Vidal, Robert"]
[Black "Moskalenko, Viktor"]
[Result "1/2-1/2"]
[WhiteElo "2399"]
[BlackElo "2538"]
[PlyCount "93"]
[EventDate "2009.01.23"]
[EventType "tourn"]
[EventRounds "9"]
[EventCountry "ESP"]
[EventCategory "9"]
[Source "lmi"]
[SourceDate "2009.01.23"]

1. Nf3 f5 2. c4 Nf6 3. g3 d6 4. d4 e6 5. Bg2 Be7 6. Nc3 Ne4 7. Qc2 Nxc3 8. Qxc3
O-O 9. O-O Bf6 10. c5 Nc6 11. cxd6 cxd6 12. Bf4 d5 13. Rac1 Qb6 14. Rfd1 Bd7
15. Ne5 Bxe5 16. dxe5 Rfc8 17. Qd2 Be8 18. Rc3 Qd8 19. Rdc1 Qd7 20. Rc5 Ne7 21.
Be3 b6 22. R5c3 Rxc3 23. Rxc3 Rc8 24. Bd4 Rxc3 25. Bxc3 Nc6 26. b3 Bh5 27. Kf1
h6 28. Ke1 a5 29. Bb2 Nb4 30. a3 Na6 31. Bd4 Qb5 32. Qd3 Qc6 33. Qc3 Qb7 34.
Qe3 Nc5 35. f3 Nd7 36. Qd3 Be8 37. Kd2 Nb8 38. f4 Nc6 39. Bf2 Qe7 40. Bxb6 Qxa3
41. Qc3 Kh7 42. Be3 Qa2+ 43. Qc2 Qa1 44. Qc1 Qa2+ 45. Qc2 Qa3 46. Qc3 a4 47.
bxa4 1/2-1/2